[Вып.] 93 : Методы сплайн-функций: [сборник]; Вычислительные системы

מידע ביבליוגרפי
Parent link:Вычислительные системы: сборник научных трудов/ Академия наук СССР (АН СССР), Сибирское отделение (СО), Институт математики. [Вып.] 93 : Методы сплайн-функций.— , 1964-2008
מחברים אחרים: Косарев Ю. Г. Юрий Гаврилович
שפה:רוסית
יצא לאור: 1982
נושאים:
פורמט: ספר
KOHA link:https://koha.lib.tpu.ru/cgi-bin/koha/opac-detail.pl?biblionumber=290661

MARC

LEADER 00000nam2a2200000 4500
001 290661
005 20231102000318.0
020 |a RU  |b 83-58853ж 
035 |a (RuTPU)RU\TPU\book\315215 
090 |a 290661 
100 |a 20150408d1983 k y0rusy5003 ca 
101 0 |a rus 
102 |a RU 
105 |a a z 001zy 
200 0 |a [Вып.] 93 : Методы сплайн-функций  |e [сборник]  |f гл. ред. Ю. Г. Косарев 
210 |d 1982 
215 |d 20 см  |a 87 с.  |c ил. 
320 |a Библиогр. в конце ст. 
461 1 |0 (RuTPU)RU\TPU\book\41273  |t Вычислительные системы  |o сборник научных трудов  |f Академия наук СССР (АН СССР), Сибирское отделение (СО), Институт математики  |v [Вып.] 93 : Методы сплайн-функций  |d 1964-2008 
606 1 |a Вычислительные системы  |2 stltpush  |3 (RuTPU)RU\TPU\subj\67468  |9 83253 
606 1 |a Сплайны  |2 stltpush  |3 (RuTPU)RU\TPU\subj\65977  |9 82280 
610 1 |a интегральные уравнения 
610 1 |a методы 
610 1 |a решения 
610 1 |a численный анализ 
675 |a 681.324  |z rus  |v 3 
675 |a 519.68  |z rus  |v 3 
702 1 |a Косарев  |b Ю. Г.  |g Юрий Гаврилович  |4 651 
801 0 |a RU  |b RuMRKP  |c 19950704  |g psbo 
801 1 |a RU  |b 63413507  |c 20150408 
801 2 |a RU  |b 63413507  |c 20170314  |g RCR 
942 |c BK